000 01313nam a2200217Ia 4500
003 Ost
005 20260416102401.0
008 260416s9999||||xx |||||||||||||| ||und||
040 _cfsecg
041 _aara
082 _a310
100 _aتيلولت،سامية
_eمؤلف
245 0 _a محاضرات وتطبيقات في الإحصاء3 :
_bمطبوعة موجهة لطلبة السنة الثانية جميع الشعب و الفروع التابعة لكلية العلوم الاقتصادية و العلوم التجارية و علوم التسيير /
_cسامية تيلولت
260 _aالجزائر
_bجامعة الجزائر3: كلية العلوم الإقتصادية، العلوم التجارية وعلوم التسيير
_c2013
300 _a144 ورقة
_bايضاحات
_c12 سم
504 _aمراجع ص.147
520 _aملخصات حول التوزيعات الاحتمالية الهامة، توزيعات المعيانة ، نظرية التقدير الإحصائية ، نظرية القرارات الإحصائية واختيار الفرو ض.
653 _aالاحصاء
710 _aجامعة الجزائر3: كلية العلوم الإقتصادية، العلوم التجارية وعلوم التسيير
_eناشر علمي
942 _cHANDOUT
999 _c41421
_d41421